باتیں فراق سے : (Record no. 172560)

MARC details
000 -LEADER
fixed length control field 00759nam a22001937a 4500
005 - DATE AND TIME OF LATEST TRANSACTION
control field 20200207160827.0
010 ## - LCCN (DPL NO)
LC control number A-940864
020 ## - INTERNATIONAL STANDARD BOOK NUMBER
Terms of availability 200.00
035 ## - SYSTEM CONTROL NUMBER
System control number A-940864
037 ## - SOURCE OF ACQUISITION
Source of stock number/acquisition BPPD/Pub.
082 ## - DEWEY DECIMAL CLASSIFICATION NUMBER
Classification number 841.092
100 ## - MAIN ENTRY--PERSONAL NAME
Personal name شوق ، سومت پرکاش
245 ## - TITLE STATEMENT
Title باتیں فراق سے :
Remainder of title فراق گورکھپوری کا طویل ترین انٹرویو جو 1959ء سے 1976 ء تک سولہ برس چار ماہ کے عرصہ پر محیط ہے /
Statement of responsibility, etc سومت پرکاش شوق
246 ## - VARYING FORM OF TITLE
Title proper/short title Baatein Firaq Se (Urdu) /
Remainder of title by Sumat Parkash Shauk
260 ## - PUBLICATION, DISTRIBUTION, ETC. (IMPRINT)
Place of publication, distribution, etc New Delhi
Name of publisher, distributor, etc Star Publications
Date of publication, distribution, etc 1998 ء
270 ## - ADDRESS
Address 4/5, Asaf Ali Road
City New Delhi
Postal code 110002
300 ## - PHYSICAL DESCRIPTION
Extent 192p.
Dimensions 21cm(Hb)
942 ## - ADDED ENTRY ELEMENTS (KOHA)
Source of classification or shelving scheme Dewey Decimal Classification
Item type Urdu Bks
Classification part 841.092
Call number suffix گ و ر
Holdings
Withdrawn status Lost status Not for loan Collection code Home library Current library Date acquired Source of acquisition Cost, normal purchase price Full call number Barcode Copy number Cost, replacement price Koha item type
      Non-fiction Central Library Central Library 07/02/2020 BPPD/Ven. 200.00 841.092 گ و ر A-940864 1 200.00 Urdu Bks

© Delhi Public Library
Hit Counter
free hit counter